Modificación del Reglamento de policía y conservación de carreteras y caminos vecinales : Aprobado por R.D. de 29 de octubre de 1920 a tenor del R.D. de 24 de noviembre de 1922 Aprobado por R.D. de 29 de octubre de 1920 a tenor del R.D. de 24 de noviembre de 1922

Publicado: Barcelona : (Imp. Casa de Caridad) , 1922
Descripción Física: 14 p. ; 21 cm

MARC

LEADER 00000nam a2200000Ia 4500
001 11940
008 160829s1922 xx 000 0 cat d
080 |a RF-8-41 
110 1 |a Espanya.   |b Ministerio de Fomento  |9 54423 
245 |a Modificación del Reglamento de policía y conservación de carreteras y caminos vecinales :  |b  Aprobado por R.D. de 29 de octubre de 1920 a tenor del R.D. de 24 de noviembre de 1922 
260 |a Barcelona :  |b (Imp. Casa de Caridad),  |c 1922 
300 |a 14 p. ;  |c 21 cm 
590 |a A la portada: Edición especial para la Mancomunidad de Cataluña.  
590 |a Prové de OPP-3724.  
590 |a Hi ha un duplicat a: DUP-73-45 
650 0 |a Carreteres  |x Catalunya  |x Manteniment i reparació  |9 25741 
650 0 |a Policia  |z Espanya  |x Reglaments i procediment  |9 55083 
710 2 |a Catalunya.  |b Mancomunitat  |9 53015 
856 4 |u https://media.diba.cat/diba/fitxers/arxiu/fulletons/bib_11940_1922_baixa.pdf  |y Accés lliure 
856 4 |u https://media.diba.cat/diba/fitxers/arxiu/fulletons/bib_11940_1922_baixa.pdf  |y Accés lliure 
900 |a bib_11940_1922_baixa.pdf 
901 |a Arxiu 
942 |n 1  |2 udc 
952 |0 0  |1 0  |4 0  |6 RF841  |7 1  |9 54871  |a Arxiu  |b Arxiu  |d 2016-12-01  |l 0  |o RF-8-41  |p 11940  |r 2016-12-01 00:00:00  |w 2016-12-01  |y ARXIU 
999 |c 58741  |d 58741